Качество промышленного электроснабжения: [монография]

Detalles Bibliográficos
Autor Principal: Джумамухамбетов Н. Г. Насихан Гилманович
Outros autores: Яшков В. Владимир, Ершов М. Михаил
Summary:В монографии изложены вопросы качества промышленного электроснабжения, включающее две составляющие: качество электроэнергии и , надежность электроснабжения, которые влияют на показатели функционирования потребителей электроэнергии. Первая глава монографии посвящена аспектам . качества электроснабжения, глава 2 надежности системпромышленного электроснабжения, в третьей главе рассмотрены вопросы второй основной составляющей качества промышленного электроснабжения - качества электроэнергии. Книга представляет интерес для специалистов и научных работников в области промышленного электроснабжения и может быть полезна студентам и магистрантам электроэнергетических специальностей.
Idioma:ruso
Publicado: Германия, LAP Lambert Academic Publishing, 2015
Subjects:
Formato: Libro
KOHA link:https://koha.lib.tpu.ru/cgi-bin/koha/opac-detail.pl?biblionumber=311124

MARC

LEADER 00000nam0a2200000 4500
001 311124
005 20231102002344.0
010 |a 9783659427848 
035 |a (RuTPU)RU\TPU\book\336479 
090 |a 311124 
100 |a 20151203d2015 k y0rusy50 ca 
101 0 |a rus 
102 |a DE 
105 |a a z 001zy 
200 1 |a Качество промышленного электроснабжения  |e [монография]  |f Н. Г. Джумамухамбетов, В. Яшков, М. Ершов 
210 |a Германия  |c LAP Lambert Academic Publishing  |d 2015 
215 |a 183 с.  |c ил. 
320 |a Библиогр.: с. 178-183. 
330 |a В монографии изложены вопросы качества промышленного электроснабжения, включающее две составляющие: качество электроэнергии и , надежность электроснабжения, которые влияют на показатели функционирования потребителей электроэнергии. Первая глава монографии посвящена аспектам . качества электроснабжения, глава 2 надежности системпромышленного электроснабжения, в третьей главе рассмотрены вопросы второй основной составляющей качества промышленного электроснабжения - качества электроэнергии. Книга представляет интерес для специалистов и научных работников в области промышленного электроснабжения и может быть полезна студентам и магистрантам электроэнергетических специальностей. 
606 1 |a Энергоснабжение предприятий  |2 stltpush  |3 (RuTPU)RU\TPU\subj\21369  |9 46377 
610 1 |a промышленное электроснабжение 
610 1 |a качество 
610 1 |a надежность 
610 1 |a резервирование 
610 1 |a моделирование 
610 1 |a электрическая энергия 
610 1 |a показатели 
610 1 |a электроприемники 
610 1 |a электрические сети 
610 1 |a напряжение 
610 1 |a регулирование 
610 1 |a монографии 
675 |a 658.26  |v 4 
700 1 |a Джумамухамбетов  |b Н. Г.  |g Насихан Гилманович 
701 1 |a Яшков  |b В.  |g Владимир 
701 1 |a Ершов  |b М.  |g Михаил 
801 1 |a RU  |b 63413507  |c 20151203 
801 2 |a RU  |b 63413507  |c 20160418  |g RCR 
900 |a Электроснабжение 
900 |a Электроснабжение промышленных предприятий 
900 |a Электроснабжение промышленных установок 
942 |c BK 
959 |a 151/20151201  |d 1  |e 0  |f ЧЗТЛ:1